000 00633nam a2200241Ia 4500
003 OSt
005 20220924135407.0
006 a|||||r|||| 00| 0
007 ta
008 220923b |||||||| |||| 00| 0 ben d
024 _a290996
037 _cTextual
040 _aARTS
_cARTS
_bben
041 _2ben
_aben
082 _aO15:g, 157K3.1-.2
100 _aBandopadhyay
_9196155
245 0 _aSanskrita sahityen bhumika
260 _c1963
650 _aSANSKRIT LITERATURE
700 _a Bhattacharya
942 _hO15:g, 157K3.1-.2
_cTEXL
_2CC
999 _c440593
_d440593